General Psychology for Physiotherapists (Record no. 249350)
[ view plain ]
| 000 -LEADER | |
|---|---|
| fixed length control field | 00479nam a22001817a 4500 |
| 003 - CONTROL NUMBER IDENTIFIER | |
| control field | OSt |
| 008 - FIXED-LENGTH DATA ELEMENTS--GENERAL INFORMATION | |
| fixed length control field | 250528b |||||||| |||| 00| 0 eng d |
| 020 ## - INTERNATIONAL STANDARD BOOK NUMBER | |
| International Standard Book Number | 978-93-8600-6912 |
| 082 ## - DEWEY DECIMAL CLASSIFICATION NUMBER | |
| Classification number | 150.2461 R2 |
| 100 ## - MAIN ENTRY--PERSONAL NAME | |
| Personal name | Beulah Jebakani & Sharmila B |
| 245 ## - TITLE STATEMENT | |
| Title | General Psychology for Physiotherapists |
| 250 ## - EDITION STATEMENT | |
| Edition statement | 1st |
| 260 ## - PUBLICATION, DISTRIBUTION, ETC. (IMPRINT) | |
| Name of publisher, distributor, etc | EMMESS Medical Publishers |
| Date of publication, distribution, etc | 2022 |
| 650 ## - SUBJECT ADDED ENTRY--TOPICAL TERM | |
| Form subdivision | Physiotherapy |
| General subdivision | General Psychology |
| 942 ## - ADDED ENTRY ELEMENTS (KOHA) | |
| Item type | Books |
| Source of classification or shelving scheme | Dewey Decimal Classification |
| Withdrawn status | Lost status | Damaged status | Permanent location | Current location | Shelving location | Date acquired | Source of acquisition | Cost, normal purchase price | Full call number | Barcode | Date last seen | Koha item type |
|---|---|---|---|---|---|---|---|---|---|---|---|---|
| CENTRAL LIBRARY, NOORUL ISLAM CENTRE FOR HIGHER EDUCATION | CENTRAL LIBRARY, NOORUL ISLAM CENTRE FOR HIGHER EDUCATION | General stacks | 05/19/2025 | Masters Books Distributors, Kollam | 375.00 | 150.2461 R2 | 84895 | 05/28/2025 | Books | |||
| CENTRAL LIBRARY, NOORUL ISLAM CENTRE FOR HIGHER EDUCATION | CENTRAL LIBRARY, NOORUL ISLAM CENTRE FOR HIGHER EDUCATION | General stacks | 05/19/2025 | Masters Books Distributors, Kollam | 375.00 | 150.2461 R2 | 84896 | 05/28/2025 | Books | |||
| CENTRAL LIBRARY, NOORUL ISLAM CENTRE FOR HIGHER EDUCATION | CENTRAL LIBRARY, NOORUL ISLAM CENTRE FOR HIGHER EDUCATION | General stacks | 05/19/2025 | Masters Books Distributors, Kollam | 375.00 | 150.2461 R2 | 84897 | 05/28/2025 | Books | |||
| CENTRAL LIBRARY, NOORUL ISLAM CENTRE FOR HIGHER EDUCATION | CENTRAL LIBRARY, NOORUL ISLAM CENTRE FOR HIGHER EDUCATION | General stacks | 05/19/2025 | Masters Books Distributors, Kollam | 375.00 | 150.2461 R2 | 84898 | 05/28/2025 | Books | |||
| CENTRAL LIBRARY, NOORUL ISLAM CENTRE FOR HIGHER EDUCATION | CENTRAL LIBRARY, NOORUL ISLAM CENTRE FOR HIGHER EDUCATION | General stacks | 05/19/2025 | Masters Books Distributors, Kollam | 375.00 | 150.2461 R2 | 84899 | 05/28/2025 | Books |
